000 00268nam a2200121 4500
999 _c8818
_d8818
003 OSt
005 20210208164202.0
008 210208b ||||| |||| 00| 0 eng d
082 _a729
_bWHI
100 _aWhite T Edward
245 _aSpace Adjacency Analysis
942 _2ddc